000 00530 a2200181 4500
003 OSt
005 20240201123302.0
008 240201b |||||||| |||| 00| 0 eng d
020 _a9789391899660
040 _coclc
082 _a297
_bKOD/V
100 _aKoduvally Shameerbabu
_910349
245 _aVISHUDHIYILEKKULLA CHIRAKADIKAL /
_cShameerbabu Koduvally
250 _a1st ed.
260 _aKozhikode:
_bIslamic Publishing House,
_c2023.
300 _a96p.
942 _2ddc
_cBK
_h297
_iKOD/V
_k297
_mKOD/V
999 _c43396
_d43396